| 000 | 00486nam a2200169 a 4500 | ||
|---|---|---|---|
| 001 | 1405 | ||
| 003 | CDMR | ||
| 005 | 20130322110443.0 | ||
| 008 | 130130s1987||||||||||||||||||||||||||||d | ||
| 020 | _a8428303614 | ||
| 040 |
_aCDMR _bcat _cCDMR |
||
| 100 | 1 |
_aMartín Vivaldi, Gonzalo _9478 |
|
| 245 | 1 | 0 |
_aGéneros periodísticos _b: [repotaje, crónica, artículo : análisis diferencial] _cGonzalo Martín Vivaldi |
| 250 | _a4a ed. | ||
| 260 |
_aMadrid _c1987 _bParaninfo |
||
| 942 |
_cMON _2udc |
||
| 999 |
_c1405 _d1405 |
||